[Event "EOBCC 2020"]
[Site "Online"]
[Date "2020.12.18"]
[Round "9.43"]
[White "Socko, Monika"]
[Black "Gazik, Viktor"]
[Result "0-1"]
[WhiteElo "2421"]
[BlackElo "2542"]
[Annotator "ChessBase"]
[PlyCount "90"]
[EventDate "2020.12.18"]
[EventType "tourn"]
[EventCountry "NET"]
[SourceTitle "playchess.com"]
[Source "ChessBase"]
[SourceQuality "1"]

1. e4 c6 2. d4 d5 3. exd5 cxd5 4. Bd3 Nc6 5. c3 Nf6 6. h3 g6 7. Nf3 Bf5 8. O-O Bg7 9. Bf4 a6 10. Re1 Rc8 11. Bxf5 gxf5 12. Qd3 Ne4 13. Nbd2 e6 14. Nb3 Rg8 15. Rac1 Bf6 16. c4 Nb4 17. Qe2 Nxa2 18. Ra1 Nb4 19. c5 Nc6 20. Red1 Bg5 21. Bxg5 Nxg5 22. Nxg5 Qxg5 23. Qf3 Ke7 24. Rd3 Qf6 25. Re1 Rcd8 26. Qf4 Qg5 27. Qf3 Rg6 28. Nd2 Qh4 29. Nf1 Nxd4 30. Qd1 Qg5 31. Ng3 f4 32. Rxd4 fxg3 33. f4 Qf6 34. Rxd5 Rxd5 35. Qxd5 Qxf4 36. Qxb7+ Kf8 37. Qe4 Qf2+ 38. Kh1 Qxc5 39. Qa8+ Kg7 40. Qxa6 Rf6 41. Qe2 Qf2 42. Qg4+ Kh8 43. Rg1 Rf5 44. b4 Re5 45. Qh4 Qxg1+ 0-1

[Event "EOBCC 2020"]
[Site "Online"]
[Date "2020.12.18"]
[Round "9.44"]
[White "Sadzikowski, Daniel"]
[Black "Bashirli, Nail"]
[Result "0-1"]
[WhiteElo "2528"]
[BlackElo "2382"]
[Annotator "ChessBase"]
[PlyCount "132"]
[EventDate "2020.12.18"]
[EventType "tourn"]
[EventCountry "NET"]
[SourceTitle "playchess.com"]
[Source "ChessBase"]
[SourceQuality "1"]

1. c4 Nf6 2. g3 e5 3. Bg2 Nc6 4. Nf3 g6 5. Nc3 Bg7 6. d3 O-O 7. O-O d6 8. Rb1 Bd7 9. b4 Qc8 10. Bg5 Ne7 11. b5 Bh3 12. Qc1 Re8 13. Bxf6 Bxf6 14. Qh6 Bxg2 15. Kxg2 Bg7 16. Qh3 f5 17. e4 Rf8 18. Nh4 Bf6 19. a4 fxe4 20. dxe4 Qxh3+ 21. Kxh3 Bxh4 22. Kxh4 c6 23. Kh3 Rf3 24. Rbc1 Raf8 25. Kg2 Rd3 26. f3 a6 27. Na2 axb5 28. axb5 Ra8 29. Nb4 Rb3 30. Rb1 Raa3 31. bxc6 bxc6 32. Nc2 Rxb1 33. Nxa3 Rb3 34. Nb1 Nc8 35. Rd1 Kf7 36. Kf2 Ke6 37. Ke2 Nb6 38. Nd2 Rc3 39. f4 Nxc4 40. f5+ Ke7 41. f6+ Kxf6 42. Nxc4 Rxc4 43. Rxd6+ Ke7 44. Rd2 Rxe4+ 45. Kf3 Rc4 46. Ra2 Kf6 47. Ra7 h5 48. Rc7 Ke6 49. h4 c5 50. Rc6+ Kf5 51. Rc8 Rc3+ 52. Kf2 Rc2+ 53. Kf3 Rc3+ 54. Kf2 c4 55. Rf8+ Ke4 56. Rf6 Rc2+ 57. Kg1 c3 58. Rc6 Kd3 59. Rd6+ Ke3 60. Rxg6 Rd2 61. Rc6 c2 62. g4 hxg4 63. h5 Rd1+ 64. Kg2 c1=Q 65. Rxc1 Rxc1 66. h6 Rc6 0-1

[Event "EOBCC 2020"]
[Site "Online"]
[Date "2020.12.18"]
[Round "9.45"]
[White "Piesik, Piotr"]
[Black "Olszewski, Michal"]
[Result "1-0"]
[WhiteElo "2400"]
[BlackElo "2525"]
[Annotator "ChessBase"]
[PlyCount "116"]
[EventDate "2020.12.18"]
[EventType "tourn"]
[EventCountry "NET"]
[SourceTitle "playchess.com"]
[Source "ChessBase"]
[SourceQuality "1"]

1. Nf3 Nf6 2. g3 g6 3. Bg2 Bg7 4. O-O O-O 5. d4 c5 6. c3 d6 7. dxc5 dxc5 8. Nbd2 Nc6 9. e4 h6 10. Qe2 Be6 11. Nc4 Qc8 12. a4 Bh3 13. e5 Bxg2 14. Kxg2 Qe6 15. Re1 Nd5 16. Nfd2 Rfd8 17. f4 Nb6 18. a5 Nxc4 19. Nxc4 Rd5 20. Be3 Rad8 21. b3 Rd3 22. Rac1 h5 23. Kg1 h4 24. Red1 Qf5 25. Rxd3 Rxd3 26. Bf2 hxg3 27. hxg3 g5 28. Qh5 Nd8 29. Qxg5 Qxg5 30. fxg5 Ne6 31. Kf1 Kh7 32. Ke2 Rd5 33. Rd1 Rxd1 34. Kxd1 Kg6 35. Ke2 Kxg5 36. Kf3 f5 37. Be3+ Kg6 38. Bf4 Bh6 39. Ne3 Bg7 40. Nd5 Kf7 41. Ke3 Nxf4 42. gxf4 e6 43. Nc7 Ke7 44. Nb5 a6 45. Nd6 Kd7 46. Nxb7 Bf8 47. Nd6 Bxd6 48. exd6 Kxd6 49. b4 Kd5 50. Kd3 cxb4 51. cxb4 e5 52. fxe5 f4 53. b5 axb5 54. a6 Kc6 55. e6 b4 56. e7 Kd7 57. a7 b3 58. e8=Q+ Kxe8 1-0

[Event "EOBCC 2020"]
[Site "Online"]
[Date "2020.12.18"]
[Round "9.46"]
[White "Jovanovic, Zoran"]
[Black "Mischuk, Dmitry"]
[Result "1-0"]
[WhiteElo "2517"]
[BlackElo "2364"]
[Annotator "ChessBase"]
[PlyCount "121"]
[EventDate "2020.12.18"]
[EventType "tourn"]
[EventCountry "NET"]
[SourceTitle "playchess.com"]
[Source "ChessBase"]
[SourceQuality "1"]

1. e4 e5 2. Nf3 Nc6 3. d4 exd4 4. Nxd4 Bb4+ 5. c3 Be7 6. Nxc6 bxc6 7. Bd3 d6 8. O-O Nf6 9. f4 O-O 10. Nd2 a5 11. Nf3 Ba6 12. Bxa6 Rxa6 13. Qd3 Ra8 14. Nd4 c5 15. Nf5 Re8 16. Bd2 Bf8 17. Rae1 g6 18. Ng3 Bg7 19. Qf3 Rb8 20. Bc1 Nd7 21. e5 dxe5 22. f5 f6 23. h4 Nf8 24. fxg6 hxg6 25. h5 c4 26. hxg6 Qd3 27. Qc6 Qxg3 28. Qxc4+ Ne6 29. Qe4 Nf8 30. Qc4+ Kh8 31. Re3 Qxg6 32. Rh3+ Nh7 33. Rff3 Re7 34. Rxh7+ Qxh7 35. Rh3 Qxh3 36. gxh3 Rd8 37. Be3 f5 38. Bg5 Rd1+ 39. Kf2 Red7 40. Qe6 f4 41. Qe8+ Kh7 42. Qh5+ Kg8 43. Qe8+ Kh7 44. Kf3 Rf1+ 45. Ke4 Rfd1 46. Qh5+ Kg8 47. Qe8+ Kh7 48. h4 R1d6 49. h5 Bh6 50. Bf6 Bg7 51. Qg6+ Kg8 52. Qe8+ Kh7 53. Bxg7 Kxg7 54. Qxe5+ Kh7 55. Kxf4 Kh6 56. Qg5+ Kh7 57. Qxa5 Rd5 58. Qa4 Rf7+ 59. Kg4 Rff5 60. Qe4 Rd4 61. cxd4 1-0

[Event "EOBCC 2020"]
[Site "Online"]
[Date "2020.12.18"]
[Round "9.47"]
[White "Postny, Evgeny"]
[Black "Samadov, Read"]
[Result "1-0"]
[WhiteElo "2605"]
[BlackElo "2332"]
[Annotator "ChessBase"]
[PlyCount "111"]
[EventDate "2020.12.18"]
[EventType "tourn"]
[EventCountry "NET"]
[SourceTitle "playchess.com"]
[Source "ChessBase"]
[SourceQuality "1"]

1. d4 Nf6 2. Nf3 e6 3. Bg5 d5 4. e3 Be7 5. Bd3 O-O 6. Nbd2 b6 7. Ne5 Bb7 8. f4 Ne4 9. Bxe7 Qxe7 10. Qe2 f6 11. Nef3 Nd7 12. O-O-O c5 13. c3 f5 14. Rhg1 c4 15. Bxe4 fxe4 16. Ne5 Nxe5 17. fxe5 b5 18. Rdf1 b4 19. Nb1 a5 20. Rxf8+ Rxf8 21. Rf1 Rb8 22. Qg4 Bc6 23. Rf2 Be8 24. h4 Bg6 25. h5 Bf5 26. Qf4 Rf8 27. h6 g5 28. Qg3 Bg6 29. Kd2 Rb8 30. Ke1 a4 31. a3 bxa3 32. Nxa3 Bf5 33. Kd1 Kf7 34. Qh2 Kg8 35. Kc1 Rb3 36. Qg1 Rxc3+ 37. bxc3 Qxa3+ 38. Kb1 Qxc3 39. g4 Qd3+ 40. Ka1 Qc3+ 41. Kb1 Qd3+ 42. Rc2 Bg6 43. Qe1 a3 44. Qc3 Qd1+ 45. Ka2 Qxg4 46. Qxa3 Qf5 47. Qe7 Qf7 48. Qxg5 Qa7+ 49. Kb1 Qb6+ 50. Rb2 Qc7 51. Qf6 c3 52. Qxe6+ Bf7 53. Rg2+ Kf8 54. Qd6+ Qxd6 55. exd6 Be6 56. Rg7 1-0

[Event "EOBCC 2020"]
[Site "Online"]
[Date "2020.12.18"]
[Round "9.48"]
[White "Erdogdu, Mert"]
[Black "Grandelius, Nils"]
[Result "1/2-1/2"]
[WhiteElo "2396"]
[BlackElo "2663"]
[Annotator "ChessBase"]
[PlyCount "143"]
[EventDate "2020.12.18"]
[EventType "tourn"]
[EventCountry "NET"]
[SourceTitle "playchess.com"]
[Source "ChessBase"]
[SourceQuality "1"]

1. e4 c6 2. d4 d5 3. exd5 cxd5 4. c4 Nf6 5. Nc3 Nc6 6. Bg5 Be6 7. a3 g6 8. Bxf6 exf6 9. cxd5 Bxd5 10. Qe2+ Ne7 11. Nxd5 Qxd5 12. Qb5+ Kd8 13. Qxd5+ Nxd5 14. Bc4 Nf4 15. g3 Rc8 16. b3 Ne6 17. Ne2 Bd6 18. O-O Re8 19. Rfd1 a6 20. a4 Bb4 21. Kf1 Re7 22. Rac1 Ng5 23. h4 Ne4 24. Nf4 Bd2 25. Rc2 Bxf4 26. gxf4 Nd6 27. Bd3 Rxc2 28. Bxc2 Rc7 29. Rd2 Rc3 30. Kg2 h5 31. f3 b5 32. axb5 axb5 33. Kf2 b4 34. Ke2 Kc7 35. Kf2 Kc6 36. Ke2 Kd5 37. Kf2 Nb5 38. Be4+ Kd6 39. Bc2 f5 40. Bd1 Kd5 41. Ra2 Nxd4 42. Ra5+ Kd6 43. Ra6+ Nc6 44. Rb6 Kc7 45. Rb5 Rd3 46. Ke1 Kd6 47. Rb7 Ke6 48. Be2 Rc3 49. Bc4+ Kd6 50. Rxf7 Nd4 51. Rf6+ Kc5 52. Rxg6 Nxb3 53. Be6 Nd4 54. Bxf5 Nxf3+ 55. Kd1 Nxh4 56. Rg5 Kd4 57. Rxh5 Ng2 58. Bh7 Nxf4 59. Rh4 Ke3 60. Bf5 Rc5 61. Bh7 b3 62. Rh6 b2 63. Bc2 Rg5 64. Rh1 Nd3 65. Rh3+ Kf4 66. Rxd3 Rg1+ 67. Kd2 b1=Q 68. Bxb1 Rxb1 69. Kc2 Re1 70. Rd2 Re3 71. Rd3 Rxd3 72. Kxd3 1/2-1/2

[Event "EOBCC 2020"]
[Site "Online"]
[Date "2020.12.18"]
[Round "9.49"]
[White "Sorensen, Hampus"]
[Black "Sargsyan, Shant"]
[Result "1/2-1/2"]
[WhiteElo "2395"]
[BlackElo "2596"]
[Annotator "ChessBase"]
[PlyCount "103"]
[EventDate "2020.12.18"]
[EventType "tourn"]
[EventCountry "NET"]
[SourceTitle "playchess.com"]
[Source "ChessBase"]
[SourceQuality "1"]

1. d4 Nf6 2. c4 e6 3. Nf3 d5 4. Bg5 h6 5. Bxf6 Qxf6 6. Qb3 c6 7. e3 g6 8. Nbd2 Bg7 9. Bd3 O-O 10. O-O Nd7 11. e4 dxc4 12. Nxc4 Qe7 13. e5 Rd8 14. Be4 a5 15. h4 Qb4 16. h5 g5 17. Bc2 b6 18. Qd3 Nf8 19. a3 Qb5 20. Rac1 Ba6 21. Bb1 c5 22. Qe4 cxd4 23. Nd6 Qxb2 24. Rfe1 Qxa3 25. Rc7 Rac8 26. Rxf7 Rxd6 27. Rxg7+ Kxg7 28. exd6 Qxd6 29. Nxd4 Rc4 30. Rd1 Qd5 31. Qe3 Kf6 32. Ba2 e5 33. Bxc4 Bxc4 34. Qc3 Ne6 35. Qf3+ Qxf3 36. Nxf3 a4 37. Rd6 b5 38. Nd2 Ba2 39. Ra6 Kf5 40. f3 g4 41. Kf2 gxf3 42. gxf3 Nc5 43. Ra5 Bc4 44. Nxc4 Nd3+ 45. Ke3 bxc4 46. Rxa4 Nf4 47. Rxc4 Nxh5 48. Rh4 Kg5 49. Rg4+ Kf5 50. Rh4 Kg5 51. Rg4+ Kf5 52. Rh4 1/2-1/2

[Event "EOBCC 2020"]
[Site "Online"]
[Date "2020.12.18"]
[Round "9.50"]
[White "Abbasov, Farid"]
[Black "Baskin, Robert"]
[Result "0-1"]
[WhiteElo "2528"]
[BlackElo "2390"]
[Annotator "ChessBase"]
[PlyCount "102"]
[EventDate "2020.12.18"]
[EventType "tourn"]
[EventCountry "NET"]
[SourceTitle "playchess.com"]
[Source "ChessBase"]
[SourceQuality "1"]

1. Nf3 d5 2. c4 d4 3. e3 Nc6 4. a3 a5 5. d3 e5 6. e4 g6 7. g3 h5 8. Bg2 Bh6 9. Bxh6 Nxh6 10. Nbd2 Kf8 11. O-O Kg7 12. Nh4 f6 13. h3 g5 14. Nhf3 Nf7 15. Rb1 a4 16. b4 axb3 17. Rxb3 b6 18. Qc1 Be6 19. Rb5 Ra5 20. Rxa5 bxa5 21. Qc2 Qd7 22. Kh2 Rb8 23. Rb1 Qc8 24. Rb5 Nd6 25. Rxb8 Qxb8 26. Nb3 Nb7 27. h4 g4 28. Ne1 a4 29. Nd2 Nc5 30. f4 Na5 31. f5 Bf7 32. Bf1 Nab3 33. Kg1 Nxd2 34. Qxd2 Qb3 35. Nc2 Qb2 36. Be2 Nb3 37. Qd1 Qc3 38. Kf2 Nc5 39. Kf1 Bxc4 40. dxc4 Qxg3 41. Qe1 Qf4+ 42. Kg1 d3 43. Bxd3 Nxd3 44. Qe2 Qc1+ 45. Kh2 Qf4+ 46. Kg1 Qg3+ 47. Kf1 Qh3+ 48. Kg1 Qg3+ 49. Kf1 Nf4 50. Qd2 Qf3+ 51. Kg1 Ne2+ 0-1

[Event "EOBCC 2020"]
[Site "Online"]
[Date "2020.12.18"]
[Round "9.51"]
[White "Yatzenko, Anton"]
[Black "Hjartarson, Johann"]
[Result "1-0"]
[WhiteElo "2379"]
[BlackElo "2525"]
[Annotator "ChessBase"]
[PlyCount "109"]
[EventDate "2020.12.18"]
[EventType "tourn"]
[EventCountry "NET"]
[SourceTitle "playchess.com"]
[Source "ChessBase"]
[SourceQuality "1"]

1. d4 Nf6 2. Nf3 g6 3. Bg5 Bg7 4. Nbd2 O-O 5. c3 d6 6. e4 c5 7. dxc5 dxc5 8. Be2 Nc6 9. O-O b6 10. Qc2 Bb7 11. Rfe1 Qc7 12. Rad1 Rad8 13. a4 Nh5 14. Bf1 h6 15. Be3 e5 16. Nc4 Nf4 17. g3 Ne6 18. h4 Rxd1 19. Rxd1 Rd8 20. Bh3 Rxd1+ 21. Qxd1 Ncd8 22. Qd6 Bxe4 23. Qxc7 Nxc7 24. Nfxe5 a6 25. Nd7 b5 26. axb5 axb5 27. Nxc5 Bd5 28. Nb6 Bc6 29. Bd7 Bf3 30. Bf4 Nde6 31. Nxe6 Nxe6 32. Bd6 Be2 33. Nd5 g5 34. Ne7+ Kh7 35. h5 Bf8 36. Nf5 Bxh5 37. Bxf8 Nxf8 38. Bxb5 Bf3 39. Nd6 Kg6 40. Be8 Bd5 41. c4 Be6 42. c5 Kf6 43. b4 Ke7 44. Bb5 f5 45. Bd3 f4 46. gxf4 gxf4 47. Nf5+ Kf6 48. Nd4 Ke5 49. Nxe6 Nxe6 50. Kg2 Nd4 51. Kh3 Nc6 52. b5 Nb4 53. b6 Kd5 54. Bb5 Kxc5 55. b7 1-0

[Event "EOBCC 2020"]
[Site "Online"]
[Date "2020.12.18"]
[Round "9.52"]
[White "Mroziak, Maciej"]
[Black "Djukic, Nikola"]
[Result "1-0"]
[WhiteElo "2369"]
[BlackElo "2521"]
[Annotator "ChessBase"]
[PlyCount "111"]
[EventDate "2020.12.18"]
[EventType "tourn"]
[EventCountry "NET"]
[SourceTitle "playchess.com"]
[Source "ChessBase"]
[SourceQuality "1"]

1. e4 c5 2. Nf3 Nc6 3. c3 Nf6 4. e5 Nd5 5. d4 cxd4 6. Bc4 Nb6 7. Bb3 g6 8. cxd4 Bg7 9. O-O O-O 10. Nc3 d6 11. exd6 Qxd6 12. Be3 Na5 13. Rc1 Nxb3 14. Qxb3 Be6 15. Qd1 Bd5 16. Nxd5 Nxd5 17. Qd2 Rfc8 18. Rc5 b6 19. Rxc8+ Rxc8 20. Rc1 Rxc1+ 21. Qxc1 Qc7 22. Qd2 Qc4 23. a3 a5 24. h3 Nxe3 25. Qxe3 e6 26. Qf4 Qc8 27. Ng5 Qe8 28. Nf3 Qd8 29. h4 Bf6 30. h5 g5 31. Qe4 Kg7 32. g4 Qc7 33. Kg2 b5 34. d5 Qd6 35. dxe6 Qxe6 36. Qxe6 fxe6 37. b3 a4 38. bxa4 bxa4 39. Kf1 h6 40. Nd2 Kf7 41. Nc4 Bd4 42. Ke2 e5 43. f3 Ke6 44. Kd3 Kd5 45. Nd2 Bc5 46. Nc4 Bd4 47. Nd2 Kc5 48. Ne4+ Kb5 49. Nf6 Bb2 50. Ng8 Bxa3 51. Nxh6 Bf8 52. Nf5 Kb4 53. Kc2 Kc4 54. h6 a3 55. h7 a2 56. Kb2 1-0

[Event "EOBCC 2020"]
[Site "Online"]
[Date "2020.12.18"]
[Round "9.53"]
[White "Rodin, Dmitrij"]
[Black "Budisavljevic, Luka"]
[Result "0-1"]
[WhiteElo "2370"]
[BlackElo "2492"]
[Annotator "ChessBase"]
[PlyCount "74"]
[EventDate "2020.12.18"]
[EventType "tourn"]
[EventCountry "NET"]
[SourceTitle "playchess.com"]
[Source "ChessBase"]
[SourceQuality "1"]

1. e4 c5 2. Nf3 e6 3. d4 cxd4 4. Nxd4 a6 5. Nc3 b5 6. g3 Bb7 7. Bg2 Nf6 8. O-O b4 9. Nd5 exd5 10. exd5 Bc5 11. Re1+ Kf8 12. Nf5 d6 13. Bf4 Bc8 14. Nd4 h6 15. h4 g6 16. Qd2 Kg7 17. a3 bxa3 18. b4 Bb6 19. Rxa3 Ra7 20. Rae3 Nh5 21. Bxh6+ Rxh6 22. Re8 Qf6 23. Ne6+ fxe6 24. Rxc8 Rh8 25. Rxh8 Kxh8 26. Rxe6 Qxf2+ 27. Qxf2 Bxf2+ 28. Kxf2 Rf7+ 29. Kg1 Nd7 30. Rxg6 Nhf6 31. c4 Ne5 32. Rg5 Nxc4 33. Bf1 Ne3 34. Bxa6 Ne4 35. Rg6 Rf2 36. b5 Rg2+ 37. Kh1 Nf2# 0-1

[Event "EOBCC 2020"]
[Site "Online"]
[Date "2020.12.18"]
[Round "9.54"]
[White "Krastev, Alexander"]
[Black "Kazakouski, Valery"]
[Result "0-1"]
[WhiteElo "2367"]
[BlackElo "2473"]
[Annotator "ChessBase"]
[PlyCount "78"]
[EventDate "2020.12.18"]
[EventType "tourn"]
[EventCountry "NET"]
[SourceTitle "playchess.com"]
[Source "ChessBase"]
[SourceQuality "1"]

1. e4 c5 2. Nf3 a6 3. c3 d5 4. exd5 Qxd5 5. d4 Bg4 6. Be2 Nf6 7. Be3 cxd4 8. cxd4 e6 9. Nc3 Qd6 10. O-O Nc6 11. Qb3 Qb4 12. Qc2 Be7 13. Rfd1 Rd8 14. a3 Qd6 15. h3 Bh5 16. Qb3 b5 17. Rac1 O-O 18. a4 Na5 19. Qa2 b4 20. Nb1 Nd5 21. Nbd2 Nxe3 22. fxe3 b3 23. Qa1 Rc8 24. Ne4 Qd5 25. Ng3 Bxf3 26. Bxf3 Qg5 27. Nf1 Rc2 28. Be4 Rfc8 29. Bxc2 bxc2 30. Rd3 Qf5 31. Rc3 Rxc3 32. bxc3 Nb3 33. Qb2 Nxc1 34. Qxc1 Qd3 35. Nd2 Qxe3+ 36. Kf1 Qxc3 37. Ke2 Ba3 38. Ne4 Bxc1 39. Nxc3 Bf4 0-1

[Event "EOBCC 2020"]
[Site "Online"]
[Date "2020.12.18"]
[Round "9.55"]
[White "Galopoulos, Nikolaos"]
[Black "Kacharava, Nikolozi"]
[Result "0-1"]
[WhiteElo "2360"]
[BlackElo "2443"]
[Annotator "NA"]
[PlyCount "110"]
[EventDate "2020.12.18"]
[EventType "tourn"]
[EventCountry "NET"]
[SourceTitle "playchess.com"]
[Source "ChessBase"]
[SourceQuality "1"]

1. d4 d5 2. c4 dxc4 3. Nf3 Nf6 4. e3 e6 5. Bxc4 c5 6. O-O a6 7. Qe2 b5 8. Bb3 Nc6 9. Rd1 Bb7 10. a4 c4 11. Bc2 Be7 12. e4 Nb4 13. e5 Nxc2 14. Qxc2 Nd5 15. Qe2 O-O 16. Nc3 Nxc3 17. bxc3 Qd5 18. Ba3 Bxa3 19. Rxa3 Bc6 20. axb5 axb5 21. Rda1 Rab8 22. Rb1 h6 23. Ra2 Rb7 24. Rab2 Ra8 25. Ne1 Ra3 26. Qd2 Qe4 27. f3 Qg6 28. Nc2 Rb3 29. Kf2 Rxb2 30. Rxb2 Ra7 31. Nb4 Bb7 32. Ra2 Rxa2 33. Qxa2 Qg5 34. h3 Qh4+ 35. Kf1 Qf4 36. Kf2 Qc1 37. Qc2 Qa1 38. Na2 h5 39. Nc1 b4 40. cxb4 Qxd4+ 41. Kf1 c3 42. Ne2 Ba6 43. Ke1 Bxe2 44. Kxe2 Qxb4 45. Kd3 Kh7 46. Qxc3 Qxc3+ 47. Kxc3 Kg6 48. g4 hxg4 49. fxg4 Kg5 50. Kd3 Kh4 51. Kd4 g5 52. Kc5 Kxh3 53. Kd6 Kxg4 54. Ke7 Kf5 55. Kxf7 g4 0-1

[Event "EOBCC 2020"]
[Site "Online"]
[Date "2020.12.18"]
[Round "9.56"]
[White "Migot, Tangi"]
[Black "Kosakowski, Jakub"]
[Result "0-1"]
[WhiteElo "2353"]
[BlackElo "2431"]
[Annotator "TA"]
[PlyCount "54"]
[EventDate "2020.12.18"]
[EventType "tourn"]
[EventCountry "NET"]
[SourceTitle "playchess.com"]
[Source "ChessBase"]
[SourceQuality "1"]

1. e4 c5 2. Nf3 Nc6 3. Bb5 g6 4. Bxc6 bxc6 5. O-O Bg7 6. Re1 Nh6 7. c3 O-O 8. h3 f6 9. d4 cxd4 10. cxd4 Nf7 11. Nc3 d6 12. Qa4 Bd7 13. Be3 e5 14. Qc2 Qe7 15. d5 c5 16. Nd2 f5 17. Nc4 f4 18. Bd2 f3 19. Re3 fxg2 20. Kxg2 Bh6 21. Rg3 Bf4 22. Bxf4 exf4 23. Rd3 Ng5 24. h4 f3+ 25. Kf1 Nxe4 26. Re3 Qxh4 27. Ke1 Qh1# 0-1

[Event "EOBCC 2020"]
[Site "Online"]
[Date "2020.12.18"]
[Round "9.57"]
[White "Gunnarsson, Arnar"]
[Black "Fecker, Noah"]
[Result "1-0"]
[WhiteElo "2420"]
[BlackElo "2329"]
[Annotator "NA"]
[PlyCount "85"]
[EventDate "2020.12.18"]
[EventType "tourn"]
[EventCountry "NET"]
[SourceTitle "playchess.com"]
[Source "ChessBase"]
[SourceQuality "1"]

1. c4 c5 2. Nc3 Nc6 3. Nf3 e5 4. g3 g6 5. Bg2 Bg7 6. O-O d6 7. a3 a5 8. Rb1 Nge7 9. Ne1 Be6 10. d3 O-O 11. Nc2 d5 12. cxd5 Nxd5 13. Ne3 Nde7 14. Nc4 Rb8 15. f4 b5 16. Nxe5 Nxe5 17. fxe5 Bxe5 18. Kh1 Nf5 19. Ne4 Bd4 20. Bf4 Ne3 21. Bxe3 Bxe3 22. Rf3 Bd4 23. Qd2 Bd5 24. Rff1 f5 25. Ng5 Re8 26. Nf3 Bg7 27. Rfc1 c4 28. Qd1 cxd3 29. exd3 Re3 30. Rc5 Ba2 31. Ra1 Bf7 32. d4 Qd6 33. Qd2 Rbe8 34. Qxa5 Bxd4 35. Rxb5 Bc4 36. Qb4 Qc7 37. Nxd4 Bxb5 38. Nxb5 Qc2 39. Rg1 Re2 40. Nd4 Qxb2 41. Nxe2 Rxe2 42. Qxb2 Rxb2 43. Ra1 1-0

[Event "EOBCC 2020"]
[Site "Online"]
[Date "2020.12.18"]
[Round "9.58"]
[White "Hollan, Martin"]
[Black "Yankelevich, Lev"]
[Result "0-1"]
[WhiteElo "2346"]
[BlackElo "2416"]
[Annotator "NA"]
[PlyCount "106"]
[EventDate "2020.12.18"]
[EventType "tourn"]
[EventCountry "NET"]
[SourceTitle "playchess.com"]
[Source "ChessBase"]
[SourceQuality "1"]

1. d4 Nf6 2. c4 g6 3. Nc3 Bg7 4. e4 d6 5. Nf3 O-O 6. Be2 e5 7. d5 a5 8. Bg5 h6 9. Be3 Ng4 10. Bd2 f5 11. h3 Nf6 12. exf5 gxf5 13. Qc1 Kh7 14. g4 Ne4 15. gxf5 Nxd2 16. Qxd2 Bxf5 17. O-O-O Na6 18. Bd3 Qf6 19. Ne1 Nc5 20. Bxf5+ Qxf5 21. f3 h5 22. Qc2 Bh6+ 23. Kb1 Qxc2+ 24. Kxc2 Rf4 25. b3 a4 26. b4 Nd7 27. Ne4 Nf6 28. Nxf6+ Rxf6 29. Rg1 Rf4 30. c5 Rxb4 31. Nd3 Rc4+ 32. Kb2 Rf8 33. cxd6 cxd6 34. Rgf1 b5 35. a3 Rfc8 36. Rf2 Rc3 37. f4 Rb3+ 38. Ka2 Rcc3 39. fxe5 Rxd3 40. Rg1 Rxa3+ 41. Kb2 Rab3+ 42. Ka2 Rd2+ 43. Rxd2 Bxd2 44. Rd1 Bf4 45. e6 Re3 46. Rf1 Bg5 47. Rf7+ Kg6 48. Rd7 b4 49. Rxd6 Re2+ 50. Kb1 b3 51. e7+ Bf6 52. Re6 Rxe6 53. dxe6 Bxe7 0-1

[Event "EOBCC 2020"]
[Site "Online"]
[Date "2020.12.18"]
[Round "9.59"]
[White "Przybylski, Wojciech"]
[Black "Borsuk, Konstantin"]
[Result "1-0"]
[WhiteElo "2321"]
[BlackElo "2401"]
[Annotator "NA"]
[PlyCount "75"]
[EventDate "2020.12.18"]
[EventType "tourn"]
[EventCountry "NET"]
[SourceTitle "playchess.com"]
[Source "ChessBase"]
[SourceQuality "1"]

1. e4 e6 2. d4 d5 3. Nc3 Bb4 4. a3 Bxc3+ 5. bxc3 Ne7 6. Bd3 b6 7. Ne2 Ba6 8. O-O Bxd3 9. cxd3 Nd7 10. Ng3 O-O 11. Bg5 f6 12. Be3 Rf7 13. c4 Nf8 14. Rc1 dxe4 15. dxe4 Qd7 16. f4 Rd8 17. Qb3 f5 18. e5 c6 19. Rfd1 h6 20. Rd3 g5 21. Rcd1 Nfg6 22. Nh5 gxf4 23. Bxf4 Nxf4 24. Nxf4 Kh7 25. Rh3 Ng6 26. Nxg6 Kxg6 27. Qg3+ Kh7 28. Qh4 Rg7 29. Qxh6+ Kg8 30. d5 cxd5 31. cxd5 Qe7 32. Qh8+ Kf7 33. dxe6+ Kxe6 34. Qxd8 Qc5+ 35. Qd4 Qc2 36. Qd6+ Kf7 37. Qd7+ Kg8 38. Qe8# 1-0

[Event "EOBCC 2020"]
[Site "Online"]
[Date "2020.12.18"]
[Round "9.60"]
[White "Sevgi, Volkan"]
[Black "Ioannidis, Evgenios"]
[Result "1-0"]
[WhiteElo "2359"]
[BlackElo "2411"]
[Annotator "NA"]
[PlyCount "97"]
[EventDate "2020.12.18"]
[EventType "tourn"]
[EventCountry "NET"]
[SourceTitle "playchess.com"]
[Source "ChessBase"]
[SourceQuality "1"]

1. e4 c5 2. Nc3 Nc6 3. g3 g6 4. d3 Bg7 5. Be3 d6 6. Qd2 e5 7. Bg2 Nf6 8. h3 Nd4 9. Nce2 d5 10. c3 Nxe2 11. Nxe2 d4 12. Bh6 O-O 13. Bxg7 Kxg7 14. O-O Nh5 15. cxd4 cxd4 16. g4 Nf6 17. f4 h5 18. g5 Nh7 19. h4 f6 20. Rac1 Bg4 21. gxf6+ Rxf6 22. fxe5 Rxf1+ 23. Rxf1 Qxh4 24. Nxd4 Ng5 25. Qf4 Rd8 26. Qf6+ Kh6 27. Nf5+ Bxf5 28. exf5 Rg8 29. Rf2 Qg3 30. Kf1 Qxd3+ 31. Ke1 Qe3+ 32. Re2 Qg1+ 33. Kd2 Qd4+ 34. Ke1 Qh4+ 35. Kd1 Qd4+ 36. Rd2 Qg1+ 37. Kc2 Rc8+ 38. Kd3 Qc5 39. Qd6 Qxd6+ 40. exd6 gxf5 41. Kd4 Rd8 42. Ke5 Nf7+ 43. Ke6 Ng5+ 44. Ke7 Rh8 45. d7 Rh7+ 46. Ke8 Ne6 47. Bd5 Nc7+ 48. Kd8 Na6 49. Kc8 1-0

[Event "EOBCC 2020"]
[Site "Online"]
[Date "2020.12.18"]
[Round "9.61"]
[White "Gaehwiler, Gabriel"]
[Black "Gabdrakhmanov, Azat"]
[Result "0-1"]
[WhiteElo "2408"]
[BlackElo "2319"]
[Annotator "NA"]
[PlyCount "106"]
[EventDate "2020.12.18"]
[EventType "tourn"]
[EventCountry "NET"]
[SourceTitle "playchess.com"]
[Source "ChessBase"]
[SourceQuality "1"]

1. d4 Nf6 2. c4 g6 3. Nf3 Bg7 4. g3 O-O 5. Bg2 d6 6. O-O c5 7. dxc5 dxc5 8. Qxd8 Rxd8 9. Nc3 Nc6 10. Be3 Be6 11. Bxc5 Nd7 12. Be3 Bxc3 13. bxc3 Bxc4 14. Nd4 Nxd4 15. Bxd4 e5 16. Be3 Bxe2 17. Rfb1 Ba6 18. Bxb7 Bxb7 19. Rxb7 a5 20. Rd1 Nf6 21. Rxd8+ Rxd8 22. Rb5 Nd5 23. Rxa5 Nxc3 24. Bg5 Rc8 25. a3 e4 26. Kg2 Kg7 27. Ra6 h6 28. Bf6+ Kh7 29. Ra7 Kg8 30. a4 g5 31. a5 Nd5 32. Be5 Rc2 33. Bd4 e3 34. Rd7 e2 35. Rd8+ Kh7 36. Re8 Rd2 37. Bb6 f5 38. Kf3 g4+ 39. Kg2 f4 40. gxf4 Nxf4+ 41. Kg3 Nd3 42. a6 e1=Q 43. Rxe1 Nxe1 44. Ba5 Rd3+ 45. Kxg4 Rd4+ 46. Kg3 Rd3+ 47. Kg4 h5+ 48. Kf4 Ng2+ 49. Ke4 Ra3 50. Bb6 Rxa6 51. Bd4 Nh4 52. Kf4 Ra4 53. Ke3 Nf5+ 0-1

[Event "EOBCC 2020"]
[Site "Online"]
[Date "2020.12.18"]
[Round "9.62"]
[White "Vedrickas, Tautvydas"]
[Black "Fedorchuk, Sergey A."]
[Result "0-1"]
[WhiteElo "2395"]
[BlackElo "2616"]
[Annotator "ChessBase"]
[PlyCount "86"]
[EventDate "2020.12.18"]
[EventType "tourn"]
[EventCountry "NET"]
[SourceTitle "playchess.com"]
[Source "ChessBase"]
[SourceQuality "1"]

1. d4 Nf6 2. c4 e6 3. Nf3 b6 4. a3 Bb7 5. Nc3 d5 6. Bg5 Be7 7. e3 O-O 8. Rc1 h6 9. Bf4 Nbd7 10. Be2 dxc4 11. Bxc4 c5 12. O-O cxd4 13. exd4 Rc8 14. Nb5 Nd5 15. Bg3 a6 16. Bxd5 Rxc1 17. Qxc1 Bxd5 18. Nc7 Bxf3 19. gxf3 Nf6 20. Be5 Nd5 21. Nxa6 Bg5 22. f4 Be7 23. Qc6 Bf6 24. Nc7 Bxe5 25. Nxd5 Bxd4 26. Rd1 Bxb2 27. Ne3 Qb8 28. f5 exf5 29. Nxf5 Qf4 30. Qd5 Bxa3 31. Rd3 Bc5 32. Rf3 Qc1+ 33. Kg2 Kh7 34. Nxg7 Kxg7 35. Rg3+ Kh8 36. Qe5+ f6 37. Qc7 Rg8 38. Rxg8+ Kxg8 39. Qd8+ Kg7 40. Qd7+ Kg6 41. Qe8+ Kf5 42. Qd7+ Ke5 43. Qe7+ Bxe7 0-1